000 00689nam a22002297a 4500
001 216216977
003 UA-OsUOA
005 20220824150613.0
008 200428b un ||||| |||| 00| 0 ukr d
040 _aUA-OsUOA
_bukr
_cUA-OsUOA
_dUA-OsUOA
041 _aukr
080 _a821.161.2
090 _a821.161.2
_bС79
100 _aСтельмах М.
245 _aТвори в шести томах
_cМихайло Стельмах
300 _a509 с.
505 _gТ. 6
_tПоезії
650 _2821
942 _2udc
_cBK
955 _a3
999 _c459009
_d459009